000 00565nam a22001817a 4500
999 _c8996
_d8996
008 210309b ||||| |||| 00| 0 eng d
040 _aBMS College of Architecture
100 _aPooja, M V
245 _aVijayanagara serviced apartments home away from home
300 _a48p.
500 _a1BM09AT023
502 _8B.Arch
_NBMS College of Architecture, Visvesvaraya Technological University (VTU)
_aProject report
_d2013
650 _aVijayanagara
650 _aHome
700 _aAjaichandran C K
_eGuide
700 _aBhagyalaxmi M
_eGuide
942 _2ddc
_cTHE